000 00464nam a2200181Ia 4500
003 IN-BaIIA
008 211028s9999 xx 000 0 eng d
040 _cIIA Library
080 _a524
_bJEA
100 _aJeans, J. H.
_91238
245 0 _aAstronomy and cosmogony
_cJ. H. Jeans
260 _aCambridge
_bCambridge University Press
_c1928
300 _ax,420p
650 _aAstronomy
_980
650 _aAstrophysics
_9794
650 _aCosmology
_91239
942 _cBK
999 _c551
_d551